Largest Municipalities in Connecticut by First Letter - Statistics

General Stats
  • This quiz has been taken 12 times
  • The average score is 13 of 20
Answer Stats
First Letter County Population Municipality % Correct
B Greater Bridgeport 148,235 Bridgeport
100%
H Capitol 119,583 Hartford
100%
N South Central Connecticut 139,027 New Haven
100%
S Western Connecticut 136,735 Stamford
100%
W Naugatuck Valley 115,730 Waterbury
92%
D Western Connecticut 86,385 Danbury
83%
F Greater Bridgeport 64,139 Fairfield
75%
M South Central Connecticut 59,773 Meriden
75%
G Southeastern Connecticut 37,702 Groton
67%
K Northeastern Connecticut 18,177 Killingly
58%
E Capitol 39,912 Enfield
50%
T Greater Bridgeport 37,707 Trumbull
50%
V Capitol 30,576 Vernon
50%
A Naugatuck Valley 19,089 Ansonia
42%
C Naugatuck Valley 29,606 Cheshire
42%
O Naugatuck Valley 13,483 Oxford
42%
R Capitol 20,720 Rocky Hill
42%
U Northeastern Connecticut 805 Union
42%
L Southeastern Connecticut 15,539 Ledyard
33%
P Capitol 17,587 Plainville
33%
No matching quizzes found
Score Distribution
Percent of People with Each Score
Percentile by Number Answered
Your Score History
You have not taken this quiz